Statistics for Obce okresu Třebíč

Click here to take the quiz!

General Stats

  • This quiz has been taken 21 times
  • The average score is 63 of 167

Answers on the Map

Answers color-coded by a green-red scale on the quiz's map according to % correct below.
 

Answer Stats

Answer% Correct
Třebíč
100%
Jaroměřice nad Rokytnou
83%
Jemnice
83%
Vladislav
83%
Blatnice
67%
Budišov
67%
Dukovany
67%
Horní Heřmanice
67%
Kamenná
67%
Koněšín
67%
Kožichovice
67%
Moravské Budějovice
67%
Náměšť nad Oslavou
67%
Nárameč
67%
Okříšky
67%
Střítež
67%
Studenec
67%
Trnava
67%
Valdíkov
67%
Želetava
67%
Benetice
50%
Biskupice-Pulkov
50%
Čechočovice
50%
Čechtín
50%
Červená Lhota
50%
Chlístov
50%
Číměř
50%
Dalešice
50%
Hodov
50%
Horní Vilémovice
50%
Hrotovice
50%
Jakubov u Moravských Budějovic
50%
Kojatín
50%
Kozlany
50%
Krahulov
50%
Kralice nad Oslavou
50%
Kramolín
50%
Lipník
50%
Markvartice
50%
Mastník
50%
Mohelno
50%
Myslibořice
50%
Nový Telečkov
50%
Ostašov
50%
Petrůvky
50%
Pozďatín
50%
Předín
50%
Příštpo
50%
Pyšel
50%
Rohy
50%
Rouchovany
50%
Rudíkov
50%
Slavičky
50%
Smrk
50%
Stařeč
50%
Studnice
50%
Svatoslav
50%
Třebelovice
50%
Výčapy
50%
Babice
33%
Bochovice
33%
Bohušice
33%
Bransouze
33%
Budkov
33%
Čáslavice
33%
Chlum
33%
Číchov
33%
Cidlina
33%
Číhalín
33%
Čikov
33%
Dešov
33%
Dolní Vilémovice
33%
Domamil
33%
Hartvíkovice
33%
Horní Smrčné
33%
Hroznatín
33%
Jasenice
33%
Jinošov
33%
Klučov
33%
Kojatice
33%
Kojetice
33%
Kouty
33%
Krhov
33%
Krokočín
33%
Láz
33%
Lesná
33%
Lesonice
33%
Lesůňky
33%
Lhánice
33%
Loukovice
33%
Lovčovice
33%
Lukov
33%
Martínkov
33%
Mikulovice
33%
Naloučany
33%
Nimpšov
33%
Nová Ves
33%
Nové Syrovice
33%
Ocmanice
33%
Odunec
33%
Okarec
33%
Okřešice
33%
Opatov
33%
Oponešice
33%
Petrovice
33%
Police
33%
Přeckov
33%
Přibyslavice
33%
Pucov
33%
Račice
33%
Rácovice
33%
Radkovice u Budče
33%
Radkovice u Hrotovic
33%
Radonín
33%
Radošov
33%
Rapotice
33%
Římov
33%
Rokytnice nad Rokytnou
33%
Šebkovice
33%
Sedlec
33%
Štěpkov
33%
Třebenice
33%
Třesov
33%
Valeč
33%
Vícenice
33%
Vícenice u Náměště nad Oslavou
33%
Vlčatín
33%
Zahrádka
33%
Zárubice
33%
Zašovice
33%
Zvěrkovice
33%
Bačice
17%
Bačkovice
17%
Březník
17%
Častohostice
17%
Chotěbudice
17%
Dědice
17%
Dolní Lažany
17%
Heraltice
17%
Hluboké
17%
Hornice
17%
Horní Újezd
17%
Hvězdoňovice
17%
Kladeruby nad Oslavou
17%
Komárovice
17%
Kostníky
17%
Kuroslepy
17%
Lesní Jakubov
17%
Lhotice
17%
Litohoř
17%
Litovany
17%
Lomy
17%
Menhartice
17%
Meziříčko
17%
Mladoňovice
17%
Pálovice
17%
Pokojovice
17%
Popůvky
17%
Přešovice
17%
Slavětice
17%
Slavíkovice
17%
Štěměchy
17%
Stropešín
17%
Sudice
17%
Jiratice
0%
Kdousov
0%
Radotice
0%

Score Distribution

Percentile by Number Answered

Percent of People with Each Score

Your Score History

You have not taken this quiz